Auditora̕ Forense aplicada a la Administracin̤ de la Salud

Bibliographic Details
Main Author: Fonseca Vivas, ℓlvaro
Format: eBook
Language:Spanish
Published: Bogot:̀ Ediciones de la U, 2019
Subjects:
Online Access:Acceso restringido

MARC

LEADER 00000nam a22000007a 4500
005 20191113225325.0
007 cr|||| ||||
008 191113s2019 co |||||s|||| 00||0 spa d
020 |a 978-958-762-944-6 
035 |a 30665 
040 |a vLex 
090 |c 9995  |d 9995 
100 1 |a Fonseca Vivas, ℓlvaro 
245 1 0 |a Auditora̕ Forense aplicada a la Administracin̤ de la Salud  |h [Recurso electrn̤ico] /  |c ℓlvaro Fonseca Vivas 
256 |a Servicio en ln̕ea 
260 |a Bogot:̀  |b Ediciones de la U,  |c 2019 
300 |a 1 recurso electrn̤ico 
500 |a En el m̀bito evolutivo de los fraudes y de los delitos; el estudiante, el profesional o la persona a quien interese este tema, podr ̀con este libro, vislumbrar desde diversos enfoques ter̤icos y/o de hechos reales, las causas y efectos de las diferentes transformaciones que el estado y las organizaciones empresariales han experimentado en la administracin̤ de los recursos de la salud. En el entorno de este tipo de trabajo de investigacin̤ forense, se tratarǹ conceptos de lo que significa la Auditora̕ Forense aplicada a la Administracin̤ de la Salud, desde inicios de la humanidad, lo registrado en el siglo XX y hasta la actualidad. Lo que se pretende como objetivo principal para el lector, es lograr concientizar e incorporar en la prc̀tica del da̕ a da̕, la Auditora̕ Forense como la herramienta de investigacin̤ en todos los esquemas que competen dentro del entorno social y el aporte que se dar ̀como perito o testigo experto en la Auditora̕ Forense guiado en la Administracin̤ de la salud. 
506 1 |a Disponible solo en los productos indicados  |d vLex Global  |d vLex Global (Academic Edition, excluding Law Schools)  |d vLex Global (U.S. Academic Edition, Law Schools)  |d vLex Global (U.S. Academic Edition, excluding Law Schools)  |d vLex Global (Academic Edition, Law Schools) 
650 0 4 |a Derecho Mercantil y de la Empresa  |z Colombia 
650 0 4 |a Inspeccin̤ tributaria  |z Colombia 
650 0 4 |a Derecho Pb︢lico y Administrativo  |z Colombia 
740 0 |a vLex Libros (Servicio en ln̕ea) 
856 4 0 |u http://vlex.com/source/auditoria-forense-aplicada-a-la-administracion-de-la-salud-30665  |z Acceso restringido 
942 |c BOOK 
999 0 |a Commercial and Business Law 
999 0 |a Tax inspection 
999 0 |a Public and Administrative Law